Využití výpočetní techniky ve VTEI 2

Gespeichert in:
Bibliographische Detailangaben
Format: Buch
Sprache:Tschechisch
Veröffentlicht: Praha Dům techn. ČSVTS 1982
Tags: Tag hinzufügen
Keine Tags, Fügen Sie das erste Tag hinzu!

MARC

LEADER 00000nam a2200000 4500
001 c132507
005 20041019155255.4
041 0 |a cze 
044 |a CZ 
245 1 0 |a Využití výpočetní techniky ve VTEI 2 
264 1 |a Praha  |b Dům techn. ČSVTS  |c 1982 
300 |a 154 s.